Germs! germs! germs! / (Record no. 2342)

MARC details
000 -LEADER
fixed length control field 01040cam a22003254a 4500
005 - DATE AND TIME OF LATEST TRANSACTION
control field 20250703084013.0
020 ## - INTERNATIONAL STANDARD BOOK NUMBER
International Standard Book Number 0590672959
020 ## - INTERNATIONAL STANDARD BOOK NUMBER
International Standard Book Number 078073003990
020 ## - INTERNATIONAL STANDARD BOOK NUMBER
International Standard Book Number 078073003990
040 ## - CATALOGING SOURCE
Original cataloging agency DLC
Transcribing agency DLC
Modifying agency DLC
Language of cataloging eng
050 ## - LIBRARY OF CONGRESS CALL NUMBER
Classification number QR57.K38
082 ## - DEWEY DECIMAL CLASSIFICATION NUMBER
Classification number 616.01
100 1# - MAIN ENTRY--PERSONAL NAME
Personal name Katz, Bobbi
245 10 - TITLE STATEMENT
Title Germs! germs! germs! /
Statement of responsibility, etc. by Bobbi Katz ; illustrated by Steve Björkman.
250 ## - EDITION STATEMENT
Edition statement First Scholastic printing, November 1996
260 ## - PUBLICATION, DISTRIBUTION, ETC.
Place of publication, distribution, etc. New York :
Name of publisher, distributor, etc. Scholastic,
Date of publication, distribution, etc. 1996
300 ## - PHYSICAL DESCRIPTION
Extent 37 unnumbered pages :
Other physical details illustrations
Dimensions 23 cm
505 ## - FORMATTED CONTENTS NOTE
Formatted contents note H
520 ## - SUMMARY, ETC.
Summary, etc. Germs describe in rhyme how they attack the body to cause illness and how careful people make life difficult for germs.
521 ## - TARGET AUDIENCE NOTE
Target audience note 430
Source Lexile<br/>
521 ## - TARGET AUDIENCE NOTE
Target audience note H <br/>
Source Lexile<br/>
650 #0 - SUBJECT ADDED ENTRY--TOPICAL TERM
Topical term or geographic name entry element Bacteria
Form subdivision Juvenile literature.
650 #0 - SUBJECT ADDED ENTRY--TOPICAL TERM
Topical term or geographic name entry element Viruses
Form subdivision Juvenile literature.
650 #1 - SUBJECT ADDED ENTRY--TOPICAL TERM
Topical term or geographic name entry element Bacteria.
650 #1 - SUBJECT ADDED ENTRY--TOPICAL TERM
Topical term or geographic name entry element Viruses.
700 1# - ADDED ENTRY--PERSONAL NAME
Personal name Björkman, Steve
Relator term illustrator
906 ## - LOCAL DATA ELEMENT F, LDF (RLIN)
a 7
b cbc
c orignew
d 1
e ocip
f 19
g y-gencatlg
942 ## - ADDED ENTRY ELEMENTS (KOHA)
Source of classification or shelving scheme Dewey Decimal Classification
Koha item type Books
Suppress in OPAC No
999 ## -
-- 2342
-- 2342
Holdings
Withdrawn status Lost status Source of classification or shelving scheme Damaged status Not for loan Collection Home library Current library Shelving location Date acquired Total Checkouts Full call number Barcode Date last seen Price effective from Koha item type Copy number
    Dewey Decimal Classification     Juvenile Fiction Footprints International School Library Network Toul Kork Campus Footprints International School Library Network Toul Kork Campus TK Primary Library Room(4th Floor), Bookcase 3&4, Shelves 17-32, Yellow Books 11/17/2023   KAT 616/.01 QR57 FISTK00743 11/17/2023 11/17/2023 Books  
    Dewey Decimal Classification     Juvenile Fiction Footprints International School Library Network Toul Tom Poung Campus Footprints International School Library Network Toul Tom Poung Campus TTP Primary Yellow Bookshelves 07/03/2025   KAT 616/.01 QR57 FISBK02779 07/03/2025 07/03/2025 Books 2